[Event "BL2 West 1718 (Women)"]
[Site "Germany"]
[Date "2018.02.17"]
[Round "6.6"]
[White "Sauret, Sabine"]
[Black "Domrath, Marion"]
[Result "0-1"]
[WhiteElo "1484"]
[BlackElo "1614"]
[PlyCount "26"]
[EventDate "2017.10.14"]
[EventType "team-tourn"]
[EventRounds "7"]
[EventCountry "GER"]
[SourceTitle "EXT 2019"]
[Source "ChessBase"]
[SourceDate "2018.10.10"]
[SourceVersion "1"]
[SourceVersionDate "2018.10.10"]
[SourceQuality "1"]
[WhiteTeam "Heiden (W)"]
[BlackTeam "Wattenscheid (W)"]
[WhiteTeamCountry "GER"]
[BlackTeamCountry "GER"]

1. d4 e6 2. e3 d5 3. f4 Nf6 4. Nf3 c5 5. c4 Nc6 6. Be2 dxc4 7. Bxc4 cxd4 8. Nxd4 Bb4+ 9. Ke2 Qb6 10. Nc3 Bxc3 11. bxc3 e5 12. Nf5 Bxf5 13. fxe5 Bg4+ 0-1

[Event "BL2 West 1718 (Women)"]
[Site "Germany"]
[Date "2017.10.14"]
[Round "1.6"]
[White "Sauret, Sabine"]
[Black "Wenke, Andrea"]
[Result "0-1"]
[WhiteElo "1484"]
[BlackElo "1796"]
[PlyCount "112"]
[EventDate "2017.10.14"]
[EventType "team-tourn"]
[EventRounds "7"]
[EventCountry "GER"]
[SourceTitle "EXT 2019"]
[Source "ChessBase"]
[SourceDate "2018.10.10"]
[SourceVersion "1"]
[SourceVersionDate "2018.10.10"]
[SourceQuality "1"]
[WhiteTeam "Heiden (W)"]
[BlackTeam "Delmenhorst (W)"]
[WhiteTeamCountry "GER"]
[BlackTeamCountry "GER"]

1. d4 d6 2. Nf3 g6 3. e3 Bg7 4. c4 c5 5. dxc5 dxc5 6. Qxd8+ Kxd8 7. Nc3 Bxc3+ 8. bxc3 Nf6 9. Be2 e6 10. 0-0 Ke7 11. Bb2 Nc6 12. Nd2 Bd7 13. Nb3 b6 14. Bf3 Rad8 15. Rfd1 Ne5 16. Be2 h5 17. f3 g5 18. f4 gxf4 19. exf4 Neg4 20. Bf3 Ne3 21. Rd3 Nxc4 22. Bc1 Bb5 23. Rxd8 Rxd8 24. a4 Ba6 25. f5 Rd3 26. Bg5 Rxc3 27. Nd2 Nxd2 28. Bxd2 Rc2 29. Bg5 Be2 30. Re1 Bxf3 31. gxf3 Rc4 32. f4 Rxa4 33. h4 Rd4 34. fxe6 fxe6 35. f5 Rd6 36. Bf4 Rc6 37. Bg5 Kf7 38. fxe6+ Rxe6 39. Rd1 Kg6 40. Kg2 a5 41. Kf3 a4 42. Bc1 Re4 43. Bg5 Rd4 44. Rb1 Rb4 45. Ra1 b5 46. Ke2 Rb3 47. Rd1 Ne4 48. Rg1 a3 49. Bf4+ Kf5 50. Be3 Rb2+ 51. Kd1 Rb1+ 52. Bc1 a2 53. Rf1+ Ke5 54. Kc2 a1Q 55. Bf4+ Kd5 56. Rxb1 Qc3+ 0-1

[Event "BL2 West 1415 (Women)"]
[Site "Germany"]
[Date "2014.09.27"]
[Round "1.6"]
[White "Sauret, Sabine"]
[Black "Lennartz, Christina"]
[Result "0-1"]
[WhiteElo "1481"]
[BlackElo "1802"]
[PlyCount "72"]
[EventDate "2014.09.27"]
[EventType "team-tourn"]
[EventRounds "7"]
[EventCountry "GER"]
[SourceTitle "CBM 166 Extra"]
[Source "ChessBase"]
[SourceDate "2015.06.18"]
[SourceVersion "1"]
[SourceVersionDate "2015.06.18"]
[SourceQuality "1"]
[WhiteTeam "Heiden (W)"]
[BlackTeam "Muelheim (W)"]
[WhiteTeamCountry "GER"]
[BlackTeamCountry "GER"]

1. d4 Nf6 2. Nf3 d5 3. e3 g6 4. Bd2 Bg7 5. Nc3 0-0 6. Be2 Nbd7 7. 0-0 c6 8. Ng5 Re8 9. f4 c5 10. Bb5 a6 11. Bxd7 Bxd7 12. dxc5 Qc7 13. b4 b6 14. cxb6 Qxb6 15. Rb1 d4 16. exd4 Qxd4+ 17. Kh1 Rad8 18. Qe2 Bg4 19. Qd3 Qxd3 20. cxd3 Rxd3 21. Be1 Bf5 22. Rc1 Rc8 23. Rf3 Rd7 24. Re3 h6 25. Nf3 Ng4 26. Re2 Rdc7 27. h3 Nf6 28. g4 Bd3 29. Re3 Bb5 30. Kg1 Kf8 31. Bd2 Bc6 32. Ne5 Bb7 33. Ree1 Nd7 34. Nxd7+ Rxd7 35. Ne2 Rxd2 36. Rxc8+ Bxc8 0-1

[Event "BL2 West 1314 (Women)"]
[Site "Germany"]
[Date "2014.02.15"]
[Round "4.6"]
[White "Hielscher, Ursula"]
[Black "Sauret, Sabine"]
[Result "1-0"]
[WhiteElo "1891"]
[BlackElo "1510"]
[PlyCount "113"]
[EventDate "2013.11.30"]
[EventType "team-tourn"]
[EventRounds "7"]
[EventCountry "GER"]
[SourceTitle "EXT 2018"]
[Source "ChessBase"]
[SourceDate "2017.10.13"]
[SourceVersion "1"]
[SourceVersionDate "2017.10.13"]
[SourceQuality "1"]
[WhiteTeam "Kiel Doppelbauer (W)"]
[BlackTeam "Heiden (W)"]
[WhiteTeamCountry "GER"]
[BlackTeamCountry "GER"]

1. d4 d5 2. c4 Nf6 3. Nc3 Bf5 4. Qb3 dxc4 5. Qxb7 Nbd7 6. Bf4 Qc8 7. Qb5 e6 8. Qxc4 Bd6 9. Bxd6 cxd6 10. Qxc8+ Rxc8 11. Nb5 0-0 12. Nxd6 Rc2 13. Nxf5 exf5 14. e3 Rxb2 15. Bd3 Ne4 16. Ne2 g6 17. f3 Nef6 18. e4 fxe4 19. fxe4 Ng4 20. 0-0 Ne3 21. Rfb1 Rfb8 22. Rxb2 Rxb2 23. h3 Nc2 24. Re1 Nb4 25. Bb5 Rxa2 26. Nc3 Rd2 27. Bxd7 Rxd4 28. Bb5 a6 29. Be2 Kf8 30. Kf2 Ke7 31. Ke3 Rd8 32. Rb1 Nc2+ 33. Kf4 Nd4 34. Bxa6 Ne6+ 35. Ke3 Nc5 36. Be2 Kf6 37. Rb6+ Kg7 38. Rc6 Ne6 39. Bc4 Nd4 40. Rc7 Nc2+ 41. Kf4 Kh6 42. Rc6 Ne1 43. g4 Rd2 44. g5+ Kg7 45. Rc7 Rf2+ 46. Ke3 Rf3+ 47. Kd2 Ng2 48. e5 Rf2+ 49. Kd3 Rf3+ 50. Kd4 Rf4+ 51. Ne4 Kf8 52. Bd5 Rf1 53. Nf6 Rd1+ 54. Ke4 Re1+ 55. Kf3 Nh4+ 56. Kf2 Rxe5 57. Rxf7# 1-0

[Event "BL2 West 1112 (Women)"]
[Site "Germany"]
[Date "2012.02.12"]
[Round "7.6"]
[White "Sauret, Sabine"]
[Black "Wenke, Andrea"]
[Result "1/2-1/2"]
[WhiteElo "1452"]
[BlackElo "1787"]
[PlyCount "145"]
[EventDate "2011.10.29"]
[EventType "team-tourn"]
[EventRounds "7"]
[EventCountry "GER"]
[SourceTitle "EXT 2013"]
[Source "ChessBase"]
[SourceDate "2012.11.22"]
[SourceVersion "1"]
[SourceVersionDate "2012.11.22"]
[SourceQuality "1"]
[WhiteTeam "Heiden (W)"]
[BlackTeam "Delmenhorst (W)"]
[WhiteTeamCountry "GER"]
[BlackTeamCountry "GER"]

1. d4 d6 2. Nf3 g6 3. c4 Bg7 4. Nc3 Nc6 5. e3 Bg4 6. Be2 e5 7. d5 Nce7 8. e4 Nf6 9. Bg5 0-0 10. Nd2 Bxe2 11. Qxe2 Nd7 12. 0-0 f5 13. exf5 Rxf5 14. Bh4 Nb6 15. Rab1 Qd7 16. Nce4 Raf8 17. b3 Rf4 18. Bg3 R4f5 19. Nf3 Kh8 20. Nfg5 Bh6 21. Bh4 Bxg5 22. Bxg5 Ng8 23. Qe3 R5f7 24. f4 exf4 25. Bxf4 Nf6 26. Nxf6 Rxf6 27. Qd4 Kg8 28. Rb2 g5 29. Rbf2 Rxf4 30. Rxf4 Rxf4 31. Rxf4 gxf4 32. Qxf4 Qg7 33. Qd2 Qe5 34. h3 c6 35. dxc6 bxc6 36. Qd1 d5 37. Qg4+ Kh8 38. c5 Qe3+ 39. Kh1 Qxc5 40. Qe6 Qc1+ 41. Kh2 Qf4+ 42. Kh1 Qc7 43. Qf6+ Kg8 44. Qe6+ Kg7 45. Qg4+ Kf6 46. Qh4+ Ke6 47. Qh6+ Ke5 48. Qe3+ Kd6 49. Qf4+ Kd7 50. Qf5+ Ke8 51. Qe6+ Kf8 52. Qf6+ Qf7 53. Qd6+ Qe7 54. Qb8+ Kf7 55. Qf4+ Kg6 56. Qg4+ Kh6 57. Qf4+ Qg5 58. Qd6+ Qg6 59. Qf4+ Kg7 60. Qc7+ Kf8 61. Qb8+ Ke7 62. Qxa7+ Nd7 63. Qe3+ Kd6 64. Qf4+ Ne5 65. Qb4+ Ke6 66. a4 h5 67. Qe1 Qd3 68. b4 Kd6 69. Qh4 Qd1+ 70. Kh2 Qe2 71. Qf6+ Kc7 72. Qe7+ Kc8 73. Qe8+ 1/2-1/2

[Event "BL2 West 1112 (Women)"]
[Site "Germany"]
[Date "2011.12.18"]
[Round "5.6"]
[White "Sauret, Sabine"]
[Black "Sherif, Amina"]
[Result "1-0"]
[WhiteElo "1452"]
[BlackElo "1510"]
[PlyCount "87"]
[EventDate "2011.10.29"]
[EventType "team-tourn"]
[EventRounds "7"]
[EventCountry "GER"]
[SourceTitle "EXT 2013"]
[Source "ChessBase"]
[SourceDate "2012.11.22"]
[SourceVersion "1"]
[SourceVersionDate "2012.11.22"]
[SourceQuality "1"]
[WhiteTeam "Heiden (W)"]
[BlackTeam "Krefeld Turm (W)"]
[WhiteTeamCountry "GER"]
[BlackTeamCountry "GER"]

1. d4 d5 2. c4 c6 3. e3 Nf6 4. Nc3 e6 5. Nf3 Nbd7 6. Bd2 Be7 7. Be2 0-0 8. 0-0 Re8 9. Qc2 dxc4 10. Bxc4 b5 11. Bd3 Bb7 12. Ne4 h6 13. b4 Rc8 14. Nc5 Bxc5 15. dxc5 Qc7 16. Bc3 Nd5 17. e4 Nxc3 18. Qxc3 e5 19. Rfe1 Rcd8 20. Rad1 Bc8 21. Qc1 Kh7 22. Nh4 g6 23. Re3 Nf6 24. Rg3 Nh5 25. Re3 Nf4 26. Bc2 Be6 27. a3 Bc4 28. Qb1 Be2 29. Re1 Bc4 30. g3 Nh3+ 31. Kg2 Ng5 32. Bb3 Be6 33. Bxe6 Nxe6 34. Nf3 Ng7 35. Rd1 Nh5 36. Red3 f6 37. Rd6 Kg7 38. Nh4 Rxd6 39. Rxd6 Kf7 40. Qd1 Re7 41. Qg4 Ng7 42. Qxg6+ Kf8 43. Qxh6 Rf7 44. Ng6+ 1-0

[Event "BL2 Gr1 0304 (Women)"]
[Site "Germany"]
[Date "2004.01.11"]
[Round "5.6"]
[White "Sauret, Sabine"]
[Black "Roeder, Regina"]
[Result "1-0"]
[WhiteElo "1475"]
[BlackElo "1449"]
[PlyCount "131"]
[EventDate "2003.10.25"]
[EventType "team-tourn"]
[EventRounds "7"]
[EventCountry "GER"]
[SourceTitle "EXT 2006"]
[Source "ChessBase"]
[SourceDate "2005.11.24"]
[SourceVersion "1"]
[SourceVersionDate "2005.11.24"]
[SourceQuality "1"]
[WhiteTeam "Heiden (W)"]
[BlackTeam "Krefeld (W)"]
[WhiteTeamCountry "GER"]
[BlackTeamCountry "GER"]

1. d4 Nf6 2. Nc3 e5 3. dxe5 Ng4 4. Nf3 Bb4 5. Qd4 Bxc3+ 6. Qxc3 Nc6 7. e4 Qe7 8. Bf4 f6 9. Bd3 Ngxe5 10. Nxe5 fxe5 11. Be3 0-0 12. 0-0 d6 13. f4 exf4 14. Bxf4 Ne5 15. Bxe5 Rxf1+ 16. Rxf1 dxe5 17. Qb3+ Kh8 18. Qf7 Qxf7 19. Rxf7 Be6 20. Rxc7 b6 21. Re7 Bxa2 22. b3 Kg8 23. Bc4+ Kf8 24. Rf7+ Ke8 25. Rxg7 Rd8 26. Rxa7 Rd1+ 27. Bf1 Bb1 28. Ra1 Bxc2 29. Rxd1 Bxd1 30. Bc4 Ke7 31. Kf2 Kf6 32. h3 Bh5 33. Ke3 Be8 34. h4 Bd7 35. Be2 Be6 36. b4 h6 37. g4 Bf7 38. Kd2 Ke7 39. Kc3 Kd6 40. Bc4 Bg6 41. Bd5 Be8 42. Kd3 Ke7 43. Kc4 Kd6 44. g5 hxg5 45. hxg5 Bg6 46. Kb5 Kc7 47. Ba8 Be8+ 48. Kc4 Kd6 49. Bd5 Bg6 50. Kd3 Ke7 51. Bb7 Kd7 52. Ke3 Kc7 53. Bd5 Kd6 54. Kf3 Ke7 55. Kg4 Kd6 56. Kf3 Ke7 57. Bc4 Bh5+ 58. Ke3 Bg6 59. Be2 Kd6 60. Bg4 Kc6 61. Bf5 Bf7 62. Kd3 Kb5 63. Kc3 Kc6 64. g6 Bg8 65. Bg4 Kd6 66. Be2 1-0

[Event "BL2 Gr1 0304 (Women)"]
[Site "Germany"]
[Date "2003.11.29"]
[Round "3.6"]
[White "Sauret, Sabine"]
[Black "Schiller Lueckemeier, Daniela"]
[Result "0-1"]
[WhiteElo "1475"]
[BlackElo "1360"]
[PlyCount "48"]
[EventDate "2003.10.25"]
[EventType "team-tourn"]
[EventRounds "7"]
[EventCountry "GER"]
[SourceTitle "EXT 2006"]
[Source "ChessBase"]
[SourceDate "2005.11.24"]
[SourceVersion "1"]
[SourceVersionDate "2005.11.24"]
[SourceQuality "1"]
[WhiteTeam "Heiden (W)"]
[BlackTeam "Hofheim (W)"]
[WhiteTeamCountry "GER"]
[BlackTeamCountry "GER"]

1. d4 d5 2. c4 e6 3. Nc3 f5 4. Nf3 c6 5. Bf4 Nf6 6. e3 Nbd7 7. cxd5 exd5 8. Nh4 Nb6 9. Bg5 Be7 10. Bxf6 Bxf6 11. Qh5+ g6 12. Nxg6 hxg6 13. Qxg6+ Ke7 14. Qg3 Be6 15. Bd3 Qd6 16. 0-0 Qxg3 17. fxg3 Nc4 18. Bxf5 Nxe3 19. Bxe6 Nxf1 20. Re1 Bxd4+ 21. Kxf1 Raf8+ 22. Ke2 Kxe6 23. Kd3+ Be5 24. Ne2 Kd6 0-1